[Event "España Tch-Primera Division Sur"]
[Site "Santa Cruz de Tenerife ESP"]
[Date "2006.08.26"]
[Round "5"]
[White "Garcia Gata, Jorge David"]
[Black "Vega Gutierrez, Belinda Vidina"]
[Result "1/2-1/2"]
[WhiteElo "2060"]
[BlackElo "2207"]
[PlyCount "59"]
[EventDate "2006.08.23"]
[EventType "team"]
[EventRounds "2"]
[EventCountry "ESP"]
[Source "lmi"]
[SourceDate "2006.08.23"]
[WhiteTeam "CLUB AJEDREZ PARQUE SUR"]
[BlackTeam "CLUB AJEDREZ ANAND"]

1. d4 d5 2. Nf3 e6 3. c4 Nf6 4. Nc3 Be7 5. Bg5 O-O 6. e3 h6 7. Bh4 b6 8. cxd5
exd5 9. Rc1 Bb7 10. Bd3 Nbd7 11. O-O c5 12. Bb1 Rc8 13. Ne5 Nxe5 14. dxe5 Ne8
15. Qc2 g6 16. Bg3 d4 17. Ne2 Ng7 18. Nf4 Qe8 19. exd4 cxd4 20. Qb3 Rxc1 21.
Rxc1 Bg5 22. h4 Bxf4 23. Bxf4 Qa8 24. Bxh6 Bxg2 25. Bxg7 Kxg7 26. Qg3 Be4 27.
Bd3 Bxd3 28. Qxd3 Qd5 29. Re1 Re8 30. Qe4 1/2-1/2

[Event "España Tch-Primera Division Sur"]
[Site "Santa Cruz de Tenerife ESP"]
[Date "2006.08.26"]
[Round "5"]
[White "Camino Carrio, Nicanor"]
[Black "Tierraseca Montero, Pablo"]
[Result "0-1"]
[WhiteElo "2141"]
[BlackElo "2082"]
[PlyCount "64"]
[EventDate "2006.08.23"]
[EventType "team"]
[EventRounds "2"]
[EventCountry "ESP"]
[Source "lmi"]
[SourceDate "2006.08.23"]
[WhiteTeam "CLUB AJEDREZ ANAND"]
[BlackTeam "CLUB AJEDREZ PARQUE SUR"]

1. e4 c5 2. Nf3 d6 3. d4 cxd4 4. Nxd4 Nf6 5. Nc3 a6 6. f3 e6 7. Be3 b5 8. Qd2
Nbd7 9. O-O-O Bb7 10. g4 Nb6 11. g5 Nfd7 12. Bd3 Ne5 13. Qf2 Nbc4 14. Kb1 Rc8
15. Nce2 b4 16. Rhg1 Nxe3 17. Qxe3 Be7 18. f4 Nxd3 19. Qxd3 Qc7 20. Rc1 Qc4 21.
b3 Qxd3 22. cxd3 Kd7 23. Rxc8 Rxc8 24. h4 a5 25. Kb2 Ba6 26. Nc1 d5 27. Nf3
dxe4 28. dxe4 Bc5 29. Rd1+ Ke7 30. Ne5 Bd6 31. Ncd3 Rc3 32. Rc1 Bxd3 0-1

[Event "España Tch-Primera Division Sur"]
[Site "Santa Cruz de Tenerife ESP"]
[Date "2006.08.26"]
[Round "5"]
[White "Benitez Fernandez, Martin"]
[Black "Garcia Blanco, Omar"]
[Result "0-1"]
[WhiteElo "2090"]
[BlackElo "2018"]
[PlyCount "52"]
[EventDate "2006.08.23"]
[EventType "team"]
[EventRounds "2"]
[EventCountry "ESP"]
[Source "lmi"]
[SourceDate "2006.08.23"]
[WhiteTeam "CLUB AJEDREZ PARQUE SUR"]
[BlackTeam "CLUB AJEDREZ ANAND"]

1. e4 e5 2. Nf3 Nc6 3. Bb5 a6 4. Bxc6 dxc6 5. O-O f6 6. c3 Qd3 7. Re1 Bc5 8. h3
Be6 9. Nxe5 fxe5 10. Qh5+ Kd7 11. Qxe5 Bb6 12. b3 Rf8 13. Re3 Bxe3 14. dxe3
Qd1+ 15. Kh2 Qxc1 16. c4 Qd1 17. Qxg7+ Ne7 18. f3 Rhg8 19. Qd4+ Qxd4 20. exd4
Ng6 21. Nd2 Nf4 22. g4 h5 23. d5 Bf7 24. Kg3 hxg4 25. Kxf4 Bh5+ 26. Ke3 gxf3
0-1

[Event "España Tch-Primera Division Sur"]
[Site "Santa Cruz de Tenerife ESP"]
[Date "2006.08.26"]
[Round "5"]
[White "Gomez Cebrian, Francisco"]
[Black "Guerrero Arroyo, Pedro"]
[Result "1-0"]
[WhiteElo "2125"]
[BlackElo "2097"]
[PlyCount "81"]
[EventDate "2006.08.23"]
[EventType "team"]
[EventRounds "2"]
[EventCountry "ESP"]
[Source "lmi"]
[SourceDate "2006.08.23"]
[WhiteTeam "C. POLIDEPORTIVO LA RODA"]
[BlackTeam "C. AGRUPACION AJEDREZ RUY LOPEZ"]

1. d4 g6 2. c4 Nf6 3. Nc3 d5 4. Nf3 Bg7 5. e3 O-O 6. Qb3 e6 7. Bd2 Nc6 8. cxd5
exd5 9. Bd3 b6 10. O-O Re8 11. h3 Bb7 12. Rac1 Rc8 13. Qa4 a6 14. b4 b5 15. Qb3
Qd6 16. a3 Ne4 17. Rfd1 Rcd8 18. Bxe4 dxe4 19. Ng5 Qe7 20. Ngxe4 Nxd4 21. exd4
Bxd4 22. Bg5 Qe5 23. Bxd8 Rxd8 24. Nc5 Bf3 25. Rd3 Bxg2 26. Kxg2 Qg5+ 27. Rg3
Qxc1 28. Ne2 Qe1 29. Nxd4 Rxd4 30. Qe3 Qxe3 31. Rxe3 Rd6 32. Re8+ Kg7 33. Ra8
f5 34. Rxa6 Kf6 35. Ra7 c6 36. Rxh7 Ke5 37. Rd7 Rd5 38. Kf3 Kd4 39. h4 Kc3 40.
Kf4 Kb2 41. Rxd5 1-0

[Event "España Tch-Primera Division Sur"]
[Site "Santa Cruz de Tenerife ESP"]
[Date "2006.08.26"]
[Round "5"]
[White "Perez Candelario, Matias"]
[Black "Buendia Morcillo, Luis"]
[Result "1-0"]
[WhiteElo "2063"]
[BlackElo "1997"]
[PlyCount "89"]
[EventDate "2006.08.23"]
[EventType "team"]
[EventRounds "2"]
[EventCountry "ESP"]
[Source "lmi"]
[SourceDate "2006.08.23"]
[WhiteTeam "C. AGRUPACION AJEDREZ RUY LOPEZ"]
[BlackTeam "C.A. POLIDEPORTIVO LA RODA"]

1. e4 c6 2. d4 d5 3. exd5 cxd5 4. Bd3 Nc6 5. c3 g6 6. f4 Nf6 7. Nf3 Bg4 8. O-O
Ne4 9. Qe1 Bxf3 10. Rxf3 f5 11. Nd2 e6 12. Rh3 Be7 13. Nf3 Qb6 14. a4 Bf6 15.
Kf1 O-O-O 16. b4 h6 17. Ne5 Bxe5 18. dxe5 g5 19. Be3 Qc7 20. g3 g4 21. Rh4 h5
22. h3 Kb8 23. Bxe4 dxe4 24. Bc5 Ka8 25. Rd1 Ne7 26. hxg4 Rxd1 27. Qxd1 Nd5 28.
Rxh5 Rd8 29. Qe1 fxg4 30. a5 Qf7 31. Rh4 Nxf4 32. gxf4 Qxf4+ 33. Kg1 b6 34.
axb6 Rd3 35. Rh8+ Kb7 36. Rh7+ Kc6 37. Rc7+ Kb5 38. c4+ Ka4 39. Rxa7+ Kb3 40.
Qb1+ Kxc4 41. Qa2+ Rb3 42. Bf2 e3 43. Rc7+ Kd4 44. Qa1+ Kd3 45. Qd1+ 1-0

[Event "España Tch-Primera Division Sur"]
[Site "Santa Cruz de Tenerife ESP"]
[Date "2006.08.26"]
[Round "5"]
[White "Martinez Cebrian, Andres"]
[Black "Guerrero Arroyo, Jorge"]
[Result "1-0"]
[WhiteElo "1936"]
[BlackElo "1816"]
[PlyCount "81"]
[EventDate "2006.08.23"]
[EventType "team"]
[EventRounds "2"]
[EventCountry "ESP"]
[Source "lmi"]
[SourceDate "2006.08.23"]
[WhiteTeam "C.A POLIDEPORTIVO LA RODA"]
[BlackTeam "C. AGRUPACION AJEDREZ RUY LOPEZ"]

1. d4 d5 2. Nf3 Nf6 3. c4 c6 4. Nc3 g6 5. e3 Bg7 6. Be2 O-O 7. O-O Nbd7 8. b3
Re8 9. Bb2 a6 10. Rc1 e6 11. Ba1 Qe7 12. h3 b6 13. Nd2 Bb7 14. e4 dxe4 15.
Ndxe4 c5 16. Nxf6+ Bxf6 17. dxc5 Nxc5 18. Qc2 Bd4 19. Kh2 Qg5 20. g3 Rad8 21.
f4 Qf6 22. Bf3 Bxf3 23. Rxf3 e5 24. Nd5 Rxd5 25. cxd5 Bxa1 26. Rxa1 exf4 27.
Raf1 fxg3+ 28. Kg2 Qe5 29. Rxf7 Qxd5+ 30. R7f3 Ne6 31. Qc4 Qe5 32. Rxg3 Rd8 33.
Rf2 Rd5 34. Rgf3 Qg5+ 35. Qg4 Qe7 36. h4 g5 37. Re3 Nf4+ 38. Qxf4 gxf4 39. Rxe7
Ra5 40. Re6 b5 41. Rf6 1-0

[Event "España Tch-Primera Division Sur"]
[Site "Santa Cruz de Tenerife ESP"]
[Date "2006.08.26"]
[Round "5"]
[White "Crespo Ramos, Maria"]
[Black "Lopez Roldan, Elias"]
[Result "0-1"]
[WhiteElo "1619"]
[BlackElo "1915"]
[PlyCount "42"]
[EventDate "2006.08.23"]
[EventType "team"]
[EventRounds "2"]
[EventCountry "ESP"]
[Source "lmi"]
[SourceDate "2006.08.23"]
[WhiteTeam "C. AGRUPACION AJEDREZ RUY LOPEZ"]
[BlackTeam "C.A. POLIDEPORTIVO LA RODA"]

1. e4 c5 2. Nc3 Nc6 3. g3 g6 4. Bg2 Bg7 5. f4 d6 6. Nf3 Nf6 7. O-O O-O 8. d3
Bd7 9. Be3 Ng4 10. Bd2 Nd4 11. h3 Nxf3+ 12. Qxf3 Nf6 13. e5 Bc6 14. Qf2 dxe5
15. Bxc6 bxc6 16. fxe5 Nd7 17. e6 fxe6 18. Qe3 Bd4 19. Rfe1 Bxe3+ 20. Rxe3 Qc7
21. Be1 e5 0-1

[Event "España Tch-Primera Division Sur"]
[Site "Santa Cruz de Tenerife ESP"]
[Date "2006.08.26"]
[Round "5"]
[White "Muñoz Navarro, Alberto"]
[Black "Diaz Sanchez, Jose Francisco"]
[Result "1-0"]
[WhiteElo "2185"]
[BlackElo "2062"]
[PlyCount "83"]
[EventDate "2006.08.23"]
[EventType "team"]
[EventRounds "2"]
[EventCountry "ESP"]
[Source "lmi"]
[SourceDate "2006.08.23"]
[WhiteTeam "C. DEPORTIVO AJEDREZ LAPUERTA"]
[BlackTeam "PEÑA BARCELONISTA MELILLA"]

1. e4 c5 2. Nf3 e6 3. d3 Nc6 4. g3 d5 5. Nbd2 Bd6 6. Bg2 Nge7 7. O-O O-O 8. Re1
Qc7 9. Nh4 f5 10. exd5 exd5 11. f4 Bd7 12. c3 Be8 13. Ndf3 h6 14. Bd2 g6 15. a3
Bf7 16. b4 Kh7 17. b5 Nd8 18. Ne5 Bxe5 19. Rxe5 Qd7 20. Nf3 Ne6 21. Qe2 Rae8
22. Rb1 Ng8 23. a4 Nf6 24. h3 Qd6 25. Qf2 b6 26. Re2 Nd7 27. Ne5 Nxe5 28. fxe5
Qd7 29. h4 Bg8 30. Bh3 Nc7 31. Rf1 Be6 32. Qe1 Qe7 33. Qc1 Qg7 34. Ref2 Rd8 35.
Kh2 Rde8 36. h5 g5 37. Bxf5+ Rxf5 38. Rxf5 Bxf5 39. Rxf5 Rxe5 40. Qf1 Re7 41.
Rf6 Ne6 42. Qf5+ 1-0

[Event "España Tch-Primera Division Sur"]
[Site "Santa Cruz de Tenerife ESP"]
[Date "2006.08.26"]
[Round "5"]
[White "Garcia Gomez, Jose Manuel"]
[Black "Sanchez Jerez, Emilio"]
[Result "0-1"]
[WhiteElo "1820"]
[BlackElo "2062"]
[PlyCount "82"]
[EventDate "2006.08.23"]
[EventType "team"]
[EventRounds "2"]
[EventCountry "ESP"]
[Source "lmi"]
[SourceDate "2006.08.23"]
[WhiteTeam "PEÑA BARCELONISTA MELILLA"]
[BlackTeam "C.DEPORTIVO AJEDREZ LAPUERTA"]

1. d4 f5 2. c4 Nf6 3. Nc3 g6 4. g3 Bg7 5. Bg2 O-O 6. e3 d6 7. Nge2 c6 8. O-O e5
9. b3 Na6 10. Ba3 e4 11. Qc2 Be6 12. Nf4 Bf7 13. Rad1 g5 14. Nfe2 Rc8 15. Rc1
b5 16. Nb1 b4 17. Bb2 Nc7 18. Rfd1 a5 19. c5 d5 20. Nd2 Ne6 21. Bh3 Ng4 22.
Bxg4 fxg4 23. Kg2 h5 24. Rf1 Rc7 25. a4 Bf6 26. Nb1 Ng7 27. Ng1 Be6 28. Qe2 Bc8
29. Rc2 Qe8 30. Qd1 Bd8 31. Ne2 Qg6 32. Nc1 Rcf7 33. Qe2 Bc7 34. Na2 h4 35.
Rcc1 Qh5 36. Kg1 Nf5 37. Nd2 Rh7 38. Nxe4 dxe4 39. Qc4+ Rff7 40. Rc2 hxg3 41.
fxg3 Nxe3 0-1

[Event "España Tch-Primera Division Sur"]
[Site "Santa Cruz de Tenerife ESP"]
[Date "2006.08.26"]
[Round "5"]
[White "Alcaraz Pacheco, Ivan"]
[Black "Javaloy Guerrero, Manuel A"]
[Result "1-0"]
[WhiteElo "1967"]
[BlackElo "1759"]
[PlyCount "58"]
[EventDate "2006.08.23"]
[EventType "team"]
[EventRounds "2"]
[EventCountry "ESP"]
[Source "lmi"]
[SourceDate "2006.08.23"]
[WhiteTeam "C.DEPORTIVO AJEDREZ LAPUERTA"]
[BlackTeam "PEÑA BARCELONISTA MELILLA"]

1. e4 c5 2. Nf3 d6 3. d4 cxd4 4. Nxd4 Nf6 5. f3 a6 6. c4 e6 7. Nc3 Qc7 8. Be3
Be7 9. Qd2 Nbd7 10. Be2 b6 11. O-O h5 12. Rac1 Bb7 13. Rfd1 Ne5 14. h3 Rc8 15.
f4 Ng6 16. Bf3 Nh4 17. b3 O-O 18. Qf2 Nxf3+ 19. gxf3 h4 20. f5 Nh5 21. fxe6 Ng3
22. Nd5 Bxd5 23. cxd5 Qb7 24. Rxc8 Rxc8 25. exf7+ Kxf7 26. Ne6 Bf6 27. Bf4 Be5
28. Bxe5 dxe5 29. Qb2 Rc3 1-0

[Event "España Tch-Primera Division Sur"]
[Site "Santa Cruz de Tenerife ESP"]
[Date "2006.08.26"]
[Round "5"]
[White "Izuel Rios, Ramon"]
[Black "Martinez Miñarro, Francisco Jose"]
[Result "0-1"]
[WhiteElo "1610"]
[BlackElo "1717"]
[PlyCount "57"]
[EventDate "2006.08.23"]
[EventType "team"]
[EventRounds "2"]
[EventCountry "ESP"]
[Source "lmi"]
[SourceDate "2006.08.23"]
[WhiteTeam "PEÑA BARCELONISTA MELILLA"]
[BlackTeam "C.DEPORTIVO AJEDREZ LAPUERTA"]

1. e4 e6 2. d4 d5 3. exd5 exd5 4. c4 c6 5. Nc3 Nf6 6. Bg5 Be7 7. Nf3 O-O 8. Qb3
dxc4 9. Bxc4 Nbd7 10. O-O Nb6 11. Ne5 Nxc4 12. Qxc4 Be6 13. Qd3 Nd5 14. Bxe7
Qxe7 15. Rfe1 Nxc3 16. bxc3 Qg5 17. Nf3 Qd5 18. Re5 Qc4 19. Qxc4 Bxc4 20. Rc5
Bd5 21. Ra5 b6 22. Ra4 a5 23. c4 b5 24. cxd5 bxa4 25. dxc6 Rac8 26. Ne5 Rfd8
27. Rc1 Rxd4 28. Kf1 f6 29. Rb1 0-1